Spell the Capital of Sri Lanka Twice - Statistics

General Stats
  • This quiz has been taken 47 times
  • The average score is 27 of 46
Answer Stats
Spell % Correct
I
100%
R
100%
S
100%
A
83%
J
83%
A
79%
Y
79%
A
71%
W
71%
I
67%
K
67%
R
67%
S
67%
A
63%
D
63%
E
63%
E
63%
E
63%
N
63%
O
63%
P
63%
R
63%
R
63%
T
63%
T
63%
U
63%
J
54%
A
50%
A
50%
A
50%
D
50%
R
50%
W
50%
Y
50%
E
46%
N
46%
E
42%
O
42%
P
42%
R
42%
T
42%
T
42%
U
42%
A
38%
E
38%
K
38%
No matching quizzes found
Score Distribution
Percent of People with Each Score
Percentile by Number Answered
Your Score History
You have not taken this quiz